000 01180nam a2200325 c 4500
003 BLK
005 20180420235549.0
008 180411b bul|||||r ||||||| ||bul||
010 _aKNG00183135000
040 _aBLK
041 _aBUL
_cBUL
080 _aБългарски език
_b811.163.2
_x
_z811.163.2
100 1 _aШамрай, Татяна А.
_eпърви автор
_9142624
139 _aШамрай, Татяна А.
_bШ 21
245 1 0 _aЧленувани и нечленувани имена в българския език
_bИзследване
_cТатяна А. Шамрай.
257 _aBGR
260 София
_bНар. просв.
_c1989
300 _a95 с.
_c20 см
380 _a80
490 1 _aБиблиотека Родна реч омайна
_vКн. 32
500 _a10 704 тир. - Библиогр. с. 90-91.
650 4 _aБългарски език - морфология
_9245187
653 _aбългарски език
653 _aморфология
852 _aЦб 159484
856 4 _qpdf
_u
856 4 _qpdf
_u
942 _cKNG
_n0
944 _aCR
_c02.10.2015
_kКамелия_Данева
944 _aED
_c15.08.2016
_kНора_Радева
999 _c174641
_d174641